Financement du developpement de l'entreprise

Saved in:
Bibliographic Details
Main Author: Alomar, Raphael
Format: Book
Language:French
Published: Paris : Presses universitaires de France, c1981
Subjects:
Tags: Add Tag
No Tags, Be the first to tag this record!

MARC

LEADER 00000nam a2200000 i 4500
001 1/40404
008 950813s1981 fre d
020 |a 2130369367  |c 168F 
035 |l 10025223 
040 |a GR-MY-UA  |b gre  |e aacr 
041 0 |a fre 
082 0 |a 658.1/5  |2 (19) 
100 1 |a Alomar, Raphael. 
245 1 0 |a Financement du developpement de l'entreprise /  |c Raphael Alomar 
260 |a Paris :   |b Presses universitaires de France,   |c c1981 
300 |a 396 p.;  |b ill.;  |c 23 cm 
650 0 0 |a Business enterprises  |x Finance. 
650 0 0 |a Business enterprises  |z France  |x Finance. 
852 |a INST  |b CHIOS  |e 19950813  |h 658.15 ALO  |p 005200004602  |q 005200004602  |t BK  |y 0 
909 |a Χ  |b 011027